[Event "67th Greek Championship"]
[Site "chess24.com"]
[Date "2017.12.21"]
[Round "7"]
[White "Sandalakis, Nikolaos"]
[Black "Kelires, Andreas"]
[Result "0-1"]
[Board "2"]
[WhiteElo "2213"]
[WhiteCountry "GRE"]
[WhiteFideId "4222890"]
[WhiteEloChange "-3"]
[BlackElo "2519"]
[BlackTitle "GM"]
[BlackCountry "GRE"]
[BlackFideId "5900727"]
[BlackEloChange "1"]

1. e4 {[%clk 1:30:56]} c5 {[%clk 1:30:57]} 2. Nf3 {[%clk 1:31:21]} d6 {[%clk
1:31:23]} 3. d4 {[%clk 1:31:17]} cxd4 {[%clk 1:31:48]} 4. Qxd4 {[%clk 1:31:41]}
a6 {[%clk 1:31:28]} 5. h3 {[%clk 1:30:22]} Nd7 {[%clk 1:30:55]} 6. Be2 {[%clk
1:17:49]} Ngf6 {[%clk 1:30:49]} 7. O-O {[%clk 1:17:29]} Qc7 {[%clk 1:30:36]} 8.
c4 {[%clk 1:13:56]} e6 {[%clk 1:30:36]} 9. Nc3 {[%clk 1:13:47]} Be7 {[%clk
1:31:10]} 10. a3 {[%clk 1:08:17]} O-O {[%clk 1:30:22]} 11. b4 {[%clk 1:08:00]} b6
{[%clk 1:29:00]} 12. Be3 {[%clk 1:04:03]} Bb7 {[%clk 1:27:42]} 13. Nd2 {[%clk
0:59:04]} Rac8 {[%clk 1:24:34]} 14. Rac1 {[%clk 0:53:46]} Qb8 {[%clk 1:22:43]}
15. f4 {[%clk 0:48:45]} Rfe8 {[%clk 1:16:27]} 16. Qd3 {[%clk 0:48:37]} h6 {[%clk
1:05:50]} 17. Bf3 {[%clk 0:45:01]} Bf8 {[%clk 1:03:25]} 18. Qe2 {[%clk 0:36:45]}
Ba8 {[%clk 0:54:57]} 19. Rfd1 {[%clk 0:35:58]} Be7 {[%clk 0:46:42]} 20. Qf2
{[%clk 0:32:49]} Kh8 {[%clk 0:45:25]} 21. Na4 {[%clk 0:28:05]} Bd8 {[%clk
0:44:38]} 22. Nb2 {[%clk 0:22:02]} Bc6 {[%clk 0:36:56]} 23. Nd3 {[%clk 0:20:08]}
e5 {[%clk 0:29:21]} 24. fxe5 {[%clk 0:13:09]} dxe5 {[%clk 0:27:12]} 25. c5 {[%clk
0:13:19]} b5 {[%clk 0:25:19]} 26. Qg3 {[%clk 0:09:26]} Nf8 {[%clk 0:24:21]} 27.
Bg4 {[%clk 0:07:56]} Nxg4 {[%clk 0:22:38]} 28. Qxg4 {[%clk 0:08:08]} Nh7 {[%clk
0:21:40]} 29. Nf2 {[%clk 0:05:11]} Nf6 {[%clk 0:18:21]} 30. Qf5 {[%clk 0:05:37]}
Qb7 {[%clk 0:10:59]} 31. Rc3 {[%clk 0:06:02]} Re6 {[%clk 0:09:44]} 32. Rd3 {[%clk
0:03:35]} Bc7 {[%clk 0:08:18]} 33. Rc1 {[%clk 0:02:41]} Kg8 {[%clk 0:08:10]} 34.
Rf1 {[%clk 0:01:57]} Rd8 {[%clk 0:07:48]} 35. Rxd8+ {[%clk 0:02:02]} Bxd8 {[%clk
0:08:16]} 36. Rc1 {[%clk 0:01:37]} Bc7 {[%clk 0:07:54]} 37. Rc3 {[%clk 0:01:59]}
Qa8 {[%clk 0:07:40]} 38. Kh2 {[%clk 0:01:17]} a5 {[%clk 0:07:44]} 39. Rb3 {[%clk
0:00:43]} g6 {[%clk 0:05:54]} 40. Qf3 {[%clk 0:31:05]} Kg7 {[%clk 0:36:10]} 41.
Rb1 {[%clk 0:22:00]} Qe8 {[%clk 0:33:28]} 42. Ng4 {[%clk 0:19:23]} Nxg4+ {[%clk
0:31:34]} 43. hxg4 {[%clk 0:16:55]} Bd8 {[%clk 0:26:44]} 44. Qh3 {[%clk 0:15:47]}
g5 {[%clk 0:27:09]} 45. Qf3 {[%clk 0:12:27]} Rf6 {[%clk 0:24:03]} 46. Qe2 {[%clk
0:12:50]} Qe6 {[%clk 0:23:46]} 47. Rb3 {[%clk 0:11:10]} Bc7 {[%clk 0:21:59]} 48.
Rb2 {[%clk 0:10:10]} Bd7 {[%clk 0:19:06]} 49. Kg3 {[%clk 0:08:47]} Qa6 {[%clk
0:18:27]} 50. Qd3 {[%clk 0:06:00]} Qe6 {[%clk 0:18:26]} 51. Qe2 {[%clk 0:06:14]}
Kg6 {[%clk 0:17:20]} 52. Nb1 {[%clk 0:06:11]} Qa6 {[%clk 0:12:11]} 53. Qd3 {[%clk
0:04:49]} Be6 {[%clk 0:09:01]} 54. Nc3 {[%clk 0:02:38]} Bc4 {[%clk 0:09:13]} 55.
Qc2 {[%clk 0:01:03]} Qe6 {[%clk 0:07:03]} 56. Rb1 {[%clk 0:00:54]} Kg7 {[%clk
0:06:59]} 57. Qd2 {[%clk 0:00:38]} axb4 {[%clk 0:01:50]} 58. axb4 {[%clk
0:01:05]} Bb8 {[%clk 0:00:47]} 59. Nd5 {[%clk 0:01:19]} Bxd5 {[%clk 0:01:12]} 60.
Qxd5 {[%clk 0:01:43]} Qa6 {[%clk 0:01:23]} 61. Qb3 {[%clk 0:01:40]} Qa8 {[%clk
0:01:30]} 62. Qd5 {[%clk 0:01:21]} Qa3 {[%clk 0:01:49]} 63. Qb3 {[%clk 0:01:41]}
Qa6 {[%clk 0:01:43]} 64. Qb2 {[%clk 0:01:13]} Qa8 {[%clk 0:01:20]} 65. Qc2 {[%clk
0:01:30]} Bc7 {[%clk 0:01:27]} 66. Rd1 {[%clk 0:00:50]} Qa3 {[%clk 0:01:27]} 67.
Qd2 {[%clk 0:01:01]} Rf4 {[%clk 0:01:23]} 68. Qd3 {[%clk 0:00:33]} Qxd3 {[%clk
0:01:49]} 69. Rxd3 {[%clk 0:01:00]} Rxe4 {[%clk 0:02:16]} 70. Bd2 {[%clk
0:00:43]} Kg6 {[%clk 0:00:35]} 71. Rd7 {[%clk 0:01:06]} Rd4 {[%clk 0:00:51]} 72.
Rxc7 {[%clk 0:00:57]} Rd3+ {[%clk 0:01:16]} 73. Kh2 {[%clk 0:00:46]} Rxd2 {[%clk
0:01:43]} 74. Rc6+ {[%clk 0:01:10]} f6 {[%clk 0:02:06]} 75. Rb6 {[%clk 0:01:30]}
h5 {[%clk 0:01:39]} 76. gxh5+ {[%clk 0:01:44]} Kxh5 {[%clk 0:02:07]} 77. Rxb5
{[%clk 0:00:35]} Rc2 {[%clk 0:02:37]} 78. Ra5 {[%clk 0:00:37]} Rc4 {[%clk
0:02:28]} 79. Ra6 {[%clk 0:00:36]} f5 {[%clk 0:01:50]} 80. Re6 {[%clk 0:00:47]}
Rxb4 {[%clk 0:02:00]} 81. Rxe5 {[%clk 0:01:11]} Kg4 {[%clk 0:02:22]} 82. Re6
{[%clk 0:00:34]} Rc4 {[%clk 0:02:44]} 83. Ra6 {[%clk 0:00:32]} Rxc5 {[%clk
0:02:44]} 84. Ra4+ {[%clk 0:00:57]} f4 {[%clk 0:03:11]} 85. Ra3 {[%clk 0:01:10]}
Re5 {[%clk 0:03:27]} 86. Rb3 {[%clk 0:01:15]} Re3 {[%clk 0:03:39]} 87. Rb4 {[%clk
0:01:32]} Kh4 {[%clk 0:03:42]} 88. Rb8 {[%clk 0:00:47]} Re2 {[%clk 0:04:08]} 89.
Rh8+ {[%clk 0:00:41]} Kg4 {[%clk 0:04:33]} 90. Rh3 {[%clk 0:00:33]} Re3 {[%clk
0:04:51]} 91. Rh8 {[%clk 0:00:54]} Ra3 {[%clk 0:05:20]} 92. Rf8 {[%clk 0:00:39]}
Ra2 {[%clk 0:05:22]} 93. Rf7 {[%clk 0:00:54]} Rf2 {[%clk 0:05:47]} 94. Ra7 {[%clk
0:00:38]} Rf1 {[%clk 0:06:08]} 95. Ra3 {[%clk 0:00:55]} Rf2 {[%clk 0:05:52]} 96.
Kg1 {[%clk 0:00:54]} Rc2 {[%clk 0:06:18]} 97. Kh2 {[%clk 0:01:06]} Rc6 {[%clk
0:06:35]} 98. Rb3 {[%clk 0:01:18]} Re6 {[%clk 0:06:50]} 99. Ra3 {[%clk 0:01:30]}
Re5 {[%clk 0:07:16]} 100. Rb3 {[%clk 0:01:56]} Kf5 {[%clk 0:07:01]} 101. g3
{[%clk 0:00:47]} Re3 {[%clk 0:07:04]} 102. Rb5+ {[%clk 0:01:07]} Kg4 {[%clk
0:07:33]} 103. gxf4 {[%clk 0:01:26]} gxf4 {[%clk 0:08:02]} 104. Kg2 {[%clk
0:00:54]} Re2+ {[%clk 0:08:17]} 105. Kf1 {[%clk 0:01:19]} Kf3 {[%clk 0:08:45]}
106. Rh5 {[%clk 0:01:17]} Re3 {[%clk 0:08:18]} 107. Rh8 {[%clk 0:00:38]} Kg3
{[%clk 0:04:47]} 108. Rg8+ {[%clk 0:00:57]} Kf3 {[%clk 0:05:15]} 109. Rh8 {[%clk
0:01:23]} Re5 {[%clk 0:05:42]} 110. Rh3+ {[%clk 0:01:46]} Ke4 {[%clk 0:05:59]}
111. Ra3 {[%clk 0:02:05]} Rd5 {[%clk 0:06:25]} 112. Kf2 {[%clk 0:02:01]} Rd4
{[%clk 0:06:55]} 113. Rb3 {[%clk 0:02:17]} Rd2+ {[%clk 0:07:18]} 114. Ke1 {[%clk
0:02:29]} Ra2 {[%clk 0:07:34]} 115. Kf1 {[%clk 0:02:53]} Kf5 {[%clk 0:07:47]}
116. Rb5+ {[%clk 0:03:10]} Kg4 {[%clk 0:08:12]} 117. Rb3 {[%clk 0:03:36]} Rh2
{[%clk 0:08:20]} 118. Ra3 {[%clk 0:03:55]} Rh5 {[%clk 0:08:20]} 119. Kf2 {[%clk
0:03:57]} Re5 {[%clk 0:08:48]} 120. Rb3 {[%clk 0:04:18]} Ra5 {[%clk 0:09:14]}
121. Rc3 {[%clk 0:04:36]} Ra2+ {[%clk 0:09:17]} 122. Kf1 {[%clk 0:04:59]} Rb2
{[%clk 0:09:41]} 123. Ra3 {[%clk 0:05:24]} Rd2 {[%clk 0:09:21]} 124. Ke1 {[%clk
0:05:37]} Rg2 {[%clk 0:09:47]} 125. Ra8 {[%clk 0:03:07]} Kg3 {[%clk 0:10:00]}
126. Kf1 {[%clk 0:00:32]} Rb2 {[%clk 0:10:24]} 127. Rh8 {[%clk 0:00:33]} Rb1+
{[%clk 0:10:38]} 128. Ke2 {[%clk 0:00:59]} f3+ {[%clk 0:11:05]} 129. Ke3 {[%clk
0:01:26]} Re1+ {[%clk 0:11:18]} 130. Kd2 {[%clk 0:01:51]} f2 {[%clk 0:11:39]} 0-1

[Event "67th Greek Championship"]
[Site "chess24.com"]
[Date "2017.12.21"]
[Round "7"]
[White "Mastrovasilis, Athanasios"]
[Black "Moutousis, Konstantinos"]
[Result "1-0"]
[Board "3"]
[WhiteElo "2493"]
[WhiteTitle "GM"]
[WhiteCountry "GRE"]
[WhiteFideId "4201990"]
[WhiteEloChange "4"]
[BlackElo "2389"]
[BlackTitle "IM"]
[BlackCountry "GRE"]
[BlackFideId "4200071"]
[BlackEloChange "-7"]

1. Nf3 {[%clk 1:30:55]} Nf6 {[%clk 1:22:04]} 2. c4 {[%clk 1:28:12]} b6 {[%clk
1:21:38]} 3. g3 {[%clk 1:28:06]} Bb7 {[%clk 1:21:54]} 4. Bg2 {[%clk 1:28:29]} c5
{[%clk 1:14:13]} 5. O-O {[%clk 1:25:18]} e6 {[%clk 1:14:38]} 6. Nc3 {[%clk
1:25:31]} a6 {[%clk 1:14:34]} 7. b3 {[%clk 1:19:36]} Be7 {[%clk 1:13:56]} 8. Bb2
{[%clk 1:19:29]} O-O {[%clk 1:13:39]} 9. e3 {[%clk 1:19:00]} d6 {[%clk 1:13:41]}
10. d4 {[%clk 1:18:18]} cxd4 {[%clk 1:14:04]} 11. exd4 {[%clk 1:18:19]} d5 {[%clk
1:14:29]} 12. Rc1 {[%clk 0:58:03]} Ra7 {[%clk 1:08:34]} 13. Re1 {[%clk 0:47:14]}
dxc4 {[%clk 0:47:43]} 14. bxc4 {[%clk 0:47:36]} b5 {[%clk 0:48:11]} 15. d5 {[%clk
0:36:12]} exd5 {[%clk 0:28:30]} 16. cxb5 {[%clk 0:30:08]} axb5 {[%clk 0:23:14]}
17. Nxb5 {[%clk 0:30:04]} Rxa2 {[%clk 0:23:28]} 18. Qb3 {[%clk 0:28:57]} Ra5
{[%clk 0:23:53]} 19. Nfd4 {[%clk 0:18:09]} Ne4 {[%clk 0:20:33]} 20. Nf5 {[%clk
0:07:28]} Bf6 {[%clk 0:20:38]} 21. Bxe4 {[%clk 0:04:12]} dxe4 {[%clk 0:20:12]}
22. Nbd6 {[%clk 0:03:21]} Bd5 {[%clk 0:19:23]} 23. Qb4 {[%clk 0:03:29]} Na6
{[%clk 0:15:07]} 24. Qd2 {[%clk 0:03:27]} Bxb2 {[%clk 0:13:33]} 25. Rc8 {[%clk
0:02:19]} Bf6 {[%clk 0:07:45]} 26. Rxd8 {[%clk 0:02:40]} Bxd8 {[%clk 0:08:11]}
27. Ne7+ {[%clk 0:02:26]} Bxe7 {[%clk 0:08:19]} 28. Qxa5 {[%clk 0:02:51]} Bxd6
{[%clk 0:08:10]} 29. Qxd5 {[%clk 0:03:10]} Bb8 {[%clk 0:08:05]} 30. Rb1 {[%clk
0:01:49]} Nc7 {[%clk 0:08:19]} 31. Qd6 {[%clk 0:01:43]} g6 {[%clk 0:08:23]} 32.
Rb7 {[%clk 0:01:06]} h5 {[%clk 0:08:32]} 33. Kg2 {[%clk 0:01:24]} Re8 {[%clk
0:08:53]} 34. Qb4 {[%clk 0:01:25]} Na6 {[%clk 0:09:14]} 35. Qb5 {[%clk 0:01:06]}
Re6 {[%clk 0:09:40]} 36. Rb6 {[%clk 0:01:20]} 1-0

[Event "67th Greek Championship"]
[Site "chess24.com"]
[Date "2017.12.21"]
[Round "7"]
[White "Kouskoutis, Georgios-Alexandros"]
[Black "Pavlidis, Anastasios"]
[Result "0-1"]
[Board "4"]
[WhiteElo "2365"]
[WhiteCountry "GRE"]
[WhiteFideId "4234049"]
[WhiteEloChange "-10"]
[BlackElo "2358"]
[BlackTitle "IM"]
[BlackCountry "GRE"]
[BlackFideId "4208404"]
[BlackEloChange "10"]

1. c4 {[%clk 1:30:57]} Nf6 {[%clk 1:30:45]} 2. g3 {[%clk 1:31:18]} g6 {[%clk
1:30:54]} 3. Bg2 {[%clk 1:31:41]} Bg7 {[%clk 1:31:14]} 4. Nc3 {[%clk 1:32:03]}
O-O {[%clk 1:31:16]} 5. e4 {[%clk 1:32:20]} d6 {[%clk 1:31:29]} 6. Nge2 {[%clk
1:32:41]} e5 {[%clk 1:29:42]} 7. O-O {[%clk 1:32:54]} Be6 {[%clk 1:29:56]} 8. d3
{[%clk 1:33:16]} Qd7 {[%clk 1:29:22]} 9. f4 {[%clk 1:20:42]} Nc6 {[%clk 1:25:54]}
10. Nd5 {[%clk 1:15:07]} Bg4 {[%clk 1:24:25]} 11. Ne3 {[%clk 1:00:39]} Bxe2
{[%clk 1:21:45]} 12. Qxe2 {[%clk 1:00:35]} Nd4 {[%clk 1:21:34]} 13. Qd1 {[%clk
0:57:47]} exf4 {[%clk 1:08:43]} 14. gxf4 {[%clk 0:56:30]} c6 {[%clk 1:08:39]} 15.
Bd2 {[%clk 0:41:34]} Rae8 {[%clk 1:08:36]} 16. f5 {[%clk 0:28:37]} Qd8 {[%clk
1:03:53]} 17. Ng4 {[%clk 0:18:15]} Nxg4 {[%clk 0:48:36]} 18. Qxg4 {[%clk
0:18:39]} Nc2 {[%clk 0:47:42]} 19. Rac1 {[%clk 0:14:45]} Bd4+ {[%clk 0:40:17]}
20. Kh1 {[%clk 0:15:09]} Ne3 {[%clk 0:40:32]} 21. Bxe3 {[%clk 0:13:15]} Bxe3
{[%clk 0:40:56]} 22. Rce1 {[%clk 0:13:38]} Bd4 {[%clk 0:39:19]} 23. b3 {[%clk
0:12:17]} Kg7 {[%clk 0:37:32]} 24. Rf3 {[%clk 0:06:20]} Bf6 {[%clk 0:29:28]} 25.
Ref1 {[%clk 0:04:52]} h5 {[%clk 0:26:57]} 26. Qf4 {[%clk 0:02:17]} g5 {[%clk
0:27:10]} 27. Qe3 {[%clk 0:00:34]} Qb6 {[%clk 0:21:03]} 28. Qxb6 {[%clk 0:00:36]}
axb6 {[%clk 0:21:26]} 29. R3f2 {[%clk 0:00:35]} Bd4 {[%clk 0:20:54]} 30. Rc2
{[%clk 0:00:35]} Kf6 {[%clk 0:20:59]} 31. b4 {[%clk 0:00:35]} g4 {[%clk 0:20:48]}
32. Rb1 {[%clk 0:00:34]} Re5 {[%clk 0:18:39]} 33. a4 {[%clk 0:00:33]} Ra8 {[%clk
0:19:00]} 34. Ra2 {[%clk 0:00:37]} Kg5 {[%clk 0:18:30]} 35. Bf1 {[%clk 0:00:34]}
Rg8 {[%clk 0:16:27]} 36. Be2 {[%clk 0:00:36]} h4 {[%clk 0:16:44]} 37. Bxg4 {[%clk
0:00:48]} h3 {[%clk 0:05:16]} 38. Bxh3 {[%clk 0:00:48]} Kh4 {[%clk 0:03:35]} 39.
Bg2 {[%clk 0:00:34]} f6 {[%clk 0:03:57]} 40. Rf1 {[%clk 0:30:40]} Re7 {[%clk
0:34:05]} 41. Rf3 {[%clk 0:18:37]} Reg7 {[%clk 0:33:41]} 42. Re2 {[%clk 0:17:19]}
Ra8 {[%clk 0:33:33]} 43. Ra2 {[%clk 0:05:51]} Rg4 {[%clk 0:33:52]} 44. Rh3+
{[%clk 0:03:51]} Kg5 {[%clk 0:34:18]} 45. Rh7 {[%clk 0:03:10]} Kf4 {[%clk
0:30:44]} 46. Rxb7 {[%clk 0:02:34]} Rh8 {[%clk 0:31:10]} 47. Re2 {[%clk 0:01:15]}
Rh3 {[%clk 0:30:00]} 48. e5 {[%clk 0:00:47]} Rxd3 {[%clk 0:29:35]} 49. Re4+
{[%clk 0:01:13]} Kxf5 {[%clk 0:29:45]} 50. Rxg4 {[%clk 0:00:50]} Rd1+ {[%clk
0:28:44]} 51. Bf1 {[%clk 0:01:17]} Rxf1+ {[%clk 0:29:09]} 52. Kg2 {[%clk
0:01:44]} Rg1+ {[%clk 0:29:32]} 53. Kf3 {[%clk 0:00:50]} Rxg4 {[%clk 0:29:43]}
54. exd6 {[%clk 0:00:42]} Rf4+ {[%clk 0:29:58]} 55. Ke2 {[%clk 0:00:44]} Ke6
{[%clk 0:30:04]} 56. d7 {[%clk 0:00:40]} Ke7 {[%clk 0:30:23]} 57. Rc7 {[%clk
0:00:33]} Kd8 {[%clk 0:30:47]} 58. Rxc6 {[%clk 0:00:48]} Kxd7 {[%clk 0:31:13]}
59. b5 {[%clk 0:01:13]} Bg1 {[%clk 0:29:22]} 60. h3 {[%clk 0:00:41]} f5 {[%clk
0:27:14]} 61. a5 {[%clk 0:00:33]} bxa5 {[%clk 0:27:17]} 62. Ra6 {[%clk 0:00:58]}
Rxc4 {[%clk 0:26:15]} 63. Rxa5 {[%clk 0:01:25]} Rb4 {[%clk 0:26:26]} 64. b6
{[%clk 0:00:37]} Ke6 {[%clk 0:26:41]} 0-1

[Event "67th Greek Championship"]
[Site "chess24.com"]
[Date "2017.12.22"]
[Round "8"]
[White "Michelakos, Panagiotis"]
[Black "Nikolaidis, Ioannis"]
[Result "0-1"]
[Board "1"]
[WhiteElo "2272"]
[WhiteCountry "GRE"]
[WhiteFideId "4216067"]
[WhiteEloChange "-4"]
[BlackElo "2517"]
[BlackTitle "GM"]
[BlackCountry "GRE"]
[BlackFideId "4202139"]
[BlackEloChange "2"]

1. e4 {[%clk 1:30:56]} e6 {[%clk 1:30:15]} 2. d3 {[%clk 1:30:44]} d5 {[%clk
1:29:47]} 3. Qe2 {[%clk 1:29:16]} c5 {[%clk 1:26:56]} 4. Nf3 {[%clk 1:28:01]} Nc6
{[%clk 1:26:47]} 5. c3 {[%clk 1:26:45]} d4 {[%clk 1:25:58]} 6. g3 {[%clk
1:21:42]} Bd6 {[%clk 1:25:08]} 7. Bg2 {[%clk 1:11:04]} Nge7 {[%clk 1:25:06]} 8.
O-O {[%clk 1:11:14]} e5 {[%clk 1:24:06]} 9. Na3 {[%clk 1:08:58]} O-O {[%clk
1:22:40]} 10. Nc4 {[%clk 1:08:29]} Bc7 {[%clk 1:19:27]} 11. a4 {[%clk 1:07:15]}
b6 {[%clk 1:13:58]} 12. Bd2 {[%clk 1:02:09]} f6 {[%clk 1:11:06]} 13. cxd4 {[%clk
0:52:17]} Nxd4 {[%clk 0:57:09]} 14. Nxd4 {[%clk 0:52:19]} Qxd4 {[%clk 0:57:36]}
15. Bc3 {[%clk 0:44:48]} Qd7 {[%clk 0:48:41]} 16. Ne3 {[%clk 0:15:05]} Ba6 {[%clk
0:46:02]} 17. Rfd1 {[%clk 0:15:01]} Rfd8 {[%clk 0:41:22]} 18. Bf1 {[%clk
0:10:14]} Bd6 {[%clk 0:38:34]} 19. Qh5 {[%clk 0:07:46]} Bc8 {[%clk 0:35:50]} 20.
Be2 {[%clk 0:05:24]} Nc6 {[%clk 0:30:13]} 21. Bg4 {[%clk 0:04:01]} Qf7 {[%clk
0:30:33]} 22. Qh3 {[%clk 0:03:46]} Bf8 {[%clk 0:29:48]} 23. Bxc8 {[%clk 0:00:40]}
Raxc8 {[%clk 0:30:04]} 24. Qf5 {[%clk 0:00:34]} Rc7 {[%clk 0:25:43]} 25. f4
{[%clk 0:00:49]} exf4 {[%clk 0:25:09]} 26. gxf4 {[%clk 0:01:11]} Rcd7 {[%clk
0:25:07]} 27. Nd5 {[%clk 0:00:38]} Ne7 {[%clk 0:23:36]} 28. Nxe7+ {[%clk
0:01:05]} Bxe7 {[%clk 0:23:09]} 29. Qh3 {[%clk 0:01:19]} c4 {[%clk 0:21:29]} 30.
d4 {[%clk 0:01:07]} Qg6+ {[%clk 0:21:47]} 31. Qg2 {[%clk 0:00:37]} Bc5 {[%clk
0:21:53]} 32. Qxg6 {[%clk 0:00:32]} hxg6 {[%clk 0:22:08]} 33. Kf1 {[%clk
0:00:33]} Bxd4 {[%clk 0:22:25]} 34. Ke2 {[%clk 0:00:36]} Bc5 {[%clk 0:17:44]} 35.
Rxd7 {[%clk 0:00:39]} Rxd7 {[%clk 0:18:11]} 36. Rc1 {[%clk 0:00:42]} Kf7 {[%clk
0:16:36]} 37. Rc2 {[%clk 0:00:32]} a6 {[%clk 0:15:33]} 38. Rd2 {[%clk 0:00:31]}
Rxd2+ {[%clk 0:15:45]} 39. Kxd2 {[%clk 0:00:51]} f5 {[%clk 0:15:30]} 40. e5
{[%clk 0:30:32]} Ke6 {[%clk 0:45:43]} 41. Ke2 {[%clk 0:28:55]} Kd5 {[%clk
0:41:14]} 42. Kf3 {[%clk 0:27:40]} b5 {[%clk 0:40:42]} 43. axb5 {[%clk 0:27:57]}
axb5 {[%clk 0:41:09]} 44. h4 {[%clk 0:13:30]} b4 {[%clk 0:39:59]} 45. Be1 {[%clk
0:13:45]} Be7 {[%clk 0:31:53]} 46. Ke3 {[%clk 0:10:06]} b3 {[%clk 0:31:32]} 47.
Kf3 {[%clk 0:06:41]} Bxh4 {[%clk 0:29:49]} 48. Bd2 {[%clk 0:04:37]} Bd8 {[%clk
0:29:33]} 49. Kg3 {[%clk 0:03:16]} g5 {[%clk 0:29:09]} 50. fxg5 {[%clk 0:03:40]}
Bc7 {[%clk 0:29:20]} 51. Kf4 {[%clk 0:02:40]} Bxe5+ {[%clk 0:29:33]} 0-1

[Event "67th Greek Championship"]
[Site "chess24.com"]
[Date "2017.12.22"]
[Round "8"]
[White "Kelires, Andreas"]
[Black "Mastrovasilis, Athanasios"]
[Result "1-0"]
[Board "2"]
[WhiteElo "2519"]
[WhiteTitle "GM"]
[WhiteCountry "GRE"]
[WhiteFideId "5900727"]
[WhiteEloChange "5"]
[BlackElo "2493"]
[BlackTitle "GM"]
[BlackCountry "GRE"]
[BlackFideId "4201990"]
[BlackEloChange "-5"]

1. d4 {[%clk 1:28:11]} d5 {[%clk 1:30:36]} 2. c4 {[%clk 1:28:31]} e6 {[%clk
1:30:56]} 3. Nf3 {[%clk 1:28:19]} Nf6 {[%clk 1:31:10]} 4. g3 {[%clk 1:28:44]}
Bb4+ {[%clk 1:31:26]} 5. Bd2 {[%clk 1:29:09]} Be7 {[%clk 1:31:35]} 6. Bg2 {[%clk
1:29:35]} O-O {[%clk 1:31:47]} 7. O-O {[%clk 1:30:00]} c6 {[%clk 1:32:10]} 8. Bf4
{[%clk 1:29:55]} Nbd7 {[%clk 1:31:53]} 9. Nc3 {[%clk 1:29:59]} dxc4 {[%clk
1:31:46]} 10. e4 {[%clk 1:28:09]} Re8 {[%clk 1:30:04]} 11. a4 {[%clk 1:27:27]} a5
{[%clk 1:29:56]} 12. Qe2 {[%clk 1:26:34]} b6 {[%clk 1:30:01]} 13. Rfd1 {[%clk
1:25:40]} Ba6 {[%clk 1:30:20]} 14. Nd2 {[%clk 1:26:07]} Bf8 {[%clk 1:23:54]} 15.
h4 {[%clk 1:16:55]} Qe7 {[%clk 1:12:57]} 16. Be3 {[%clk 0:51:20]} e5 {[%clk
0:59:44]} 17. d5 {[%clk 0:45:41]} Rec8 {[%clk 0:47:11]} 18. Bh3 {[%clk 0:42:21]}
cxd5 {[%clk 0:43:35]} 19. exd5 {[%clk 0:42:22]} Qb4 {[%clk 0:42:58]} 20. Nf3
{[%clk 0:35:10]} Qd6 {[%clk 0:32:44]} 21. h5 {[%clk 0:31:34]} Re8 {[%clk
0:31:26]} 22. h6 {[%clk 0:25:55]} g6 {[%clk 0:16:36]} 23. Ng5 {[%clk 0:26:20]} e4
{[%clk 0:16:39]} 24. Bf4 {[%clk 0:16:29]} Qb4 {[%clk 0:16:31]} 25. d6 {[%clk
0:13:20]} Bb7 {[%clk 0:16:43]} 26. Nb5 {[%clk 0:11:56]} Bxh6 {[%clk 0:11:18]} 27.
Nc7 {[%clk 0:12:13]} e3 {[%clk 0:09:25]} 28. fxe3 {[%clk 0:11:19]} Qc5 {[%clk
0:09:36]} 29. Nge6 {[%clk 0:09:11]} Rxe6 {[%clk 0:04:59]} 30. Nxe6 {[%clk
0:08:58]} fxe6 {[%clk 0:04:15]} 31. Bxh6 {[%clk 0:08:33]} Re8 {[%clk 0:02:11]}
32. Kh2 {[%clk 0:07:08]} Qc6 {[%clk 0:01:37]} 33. Rf1 {[%clk 0:06:14]} Qxd6
{[%clk 0:01:33]} 34. Rad1 {[%clk 0:06:34]} Qc6 {[%clk 0:01:02]} 35. Qf2 {[%clk
0:05:51]} Ne5 {[%clk 0:01:19]} 36. Rd4 {[%clk 0:04:39]} Nf7 {[%clk 0:01:05]} 37.
Qxf6 {[%clk 0:03:36]} Nxh6 {[%clk 0:01:26]} 38. e4 {[%clk 0:02:21]} Bc8 {[%clk
0:00:41]} 39. Rd8 {[%clk 0:02:28]} c3 {[%clk 0:00:41]} 40. bxc3 {[%clk 0:32:26]}
1-0

[Event "67th Greek Championship"]
[Site "chess24.com"]
[Date "2017.12.22"]
[Round "8"]
[White "Moutousis, Konstantinos"]
[Black "Kouskoutis, Georgios-Alexandros"]
[Result "1-0"]
[Board "3"]
[WhiteElo "2389"]
[WhiteTitle "IM"]
[WhiteCountry "GRE"]
[WhiteFideId "4200071"]
[WhiteEloChange "9"]
[BlackElo "2365"]
[BlackCountry "GRE"]
[BlackFideId "4234049"]
[BlackEloChange "-9"]

1. d4 {[%clk 1:30:58]} Nf6 {[%clk 1:30:55]} 2. c4 {[%clk 1:31:24]} e6 {[%clk
1:31:20]} 3. Nc3 {[%clk 1:31:49]} Bb4 {[%clk 1:31:40]} 4. e3 {[%clk 1:32:11]} b6
{[%clk 1:32:00]} 5. Bd3 {[%clk 1:29:33]} Bb7 {[%clk 1:31:37]} 6. Ne2 {[%clk
1:29:54]} c5 {[%clk 1:08:10]} 7. a3 {[%clk 1:26:22]} Bxc3+ {[%clk 1:06:21]} 8.
Nxc3 {[%clk 1:26:46]} cxd4 {[%clk 0:59:51]} 9. exd4 {[%clk 1:27:01]} O-O {[%clk
1:00:13]} 10. O-O {[%clk 1:21:46]} d5 {[%clk 0:55:30]} 11. cxd5 {[%clk 1:16:16]}
Nxd5 {[%clk 0:50:01]} 12. Qh5 {[%clk 1:16:21]} f5 {[%clk 0:32:49]} 13. Bg5 {[%clk
1:11:07]} Qd7 {[%clk 0:30:47]} 14. Rfe1 {[%clk 0:57:32]} Nc6 {[%clk 0:26:54]} 15.
Qh4 {[%clk 0:55:13]} Rae8 {[%clk 0:23:19]} 16. Rad1 {[%clk 0:55:27]} Na5 {[%clk
0:21:17]} 17. Ne2 {[%clk 0:54:49]} h6 {[%clk 0:20:37]} 18. Bd2 {[%clk 0:53:51]}
Nc6 {[%clk 0:14:13]} 19. Bb1 {[%clk 0:48:33]} Qf7 {[%clk 0:05:38]} 20. Qg3 {[%clk
0:42:45]} Kh8 {[%clk 0:05:40]} 21. Nf4 {[%clk 0:42:46]} Nxf4 {[%clk 0:05:31]} 22.
Bxf4 {[%clk 0:43:10]} Rd8 {[%clk 0:03:54]} 23. Qe3 {[%clk 0:36:48]} Qf6 {[%clk
0:02:35]} 24. Qxe6 {[%clk 0:23:42]} Qxe6 {[%clk 0:02:50]} 25. Rxe6 {[%clk
0:24:05]} Nxd4 {[%clk 0:01:21]} 26. Rd6 {[%clk 0:23:41]} Ne2+ {[%clk 0:00:40]}
27. Kf1 {[%clk 0:21:56]} Rde8 {[%clk 0:00:41]} 28. Bd2 {[%clk 0:21:51]} Ba6
{[%clk 0:00:36]} 29. Bd3 {[%clk 0:22:11]} Bxd3 {[%clk 0:00:34]} 30. Rxd3 {[%clk
0:22:32]} g5 {[%clk 0:00:34]} 31. Rd7 {[%clk 0:18:55]} Re6 {[%clk 0:00:47]} 32.
Rxa7 {[%clk 0:15:27]} Kg8 {[%clk 0:00:59]} 33. Be3 {[%clk 0:12:49]} Nf4 {[%clk
0:00:45]} 34. Rb7 {[%clk 0:12:45]} Rfe8 {[%clk 0:00:35]} 35. Rxb6 {[%clk
0:12:31]} Rxb6 {[%clk 0:00:37]} 36. Bxb6 {[%clk 0:12:54]} Ne6 {[%clk 0:00:35]}
37. a4 {[%clk 0:13:09]} 1-0